| 000 | 01214nam a2200313Ia 4500 | ||
|---|---|---|---|
| 001 | ebr10014647 | ||
| 003 | CaPaEBR | ||
| 006 | m u | ||
| 007 | cr cn||||||||| | ||
| 008 | 010924s2001 enkac sb 001 0 eng d | ||
| 020 | _z1841500526 | ||
| 020 | _z1841508136 | ||
| 040 |
_aCaPaEBR _cCaPaEBR |
||
| 035 | _a(OCoLC)559267951 | ||
| 050 | 1 | 4 |
_aLB1044.84 _b.R34 2001eb |
| 082 | 0 | 4 |
_a378.1758 _221 |
| 100 | 1 |
_aRada, R. _q(Roy), _d1951- |
|
| 245 | 1 | 0 |
_aUnderstanding virtual universities _h[electronic resource] / _cRoy Rada. |
| 260 |
_aBristol : _bIntellect, _c2001. |
||
| 300 |
_aiv, 122 p. : _bill., ports. |
||
| 504 | _aIncludes bibliographical references and index. | ||
| 533 |
_aElectronic reproduction. _bPalo Alto, Calif. : _cebrary, _d2013. _nAvailable via World Wide Web. _nAccess may be limited to ebrary affiliated libraries. |
||
| 650 | 0 |
_aEducation, Higher _xEffect of technological innovations on. |
|
| 650 | 0 | _aTelecommunication in higher education. | |
| 650 | 0 | _aDistance education. | |
| 655 | 7 |
_aElectronic books. _2local |
|
| 710 | 2 | _aebrary, Inc. | |
| 856 | 4 | 0 |
_uhttp://site.ebrary.com/lib/rucke/Doc?id=10014647 _zAn electronic book accessible through the World Wide Web; click to view |
| 999 |
_c30983 _d30983 |
||